European Countries Without White In Their Flag - Statistics

General Stats
  • This quiz has been taken 49 times
  • The average score is 10 of 11
Answer Stats
Answer % Correct
Germany
98%
Belgium
96%
Sweden
91%
Ukraine
91%
Albania
89%
Moldova
89%
Lithuania
87%
Romania
87%
Liechtenstein
85%
Macedonia
83%
Montenegro
79%
No matching quizzes found
Score Distribution
Percent of People with Each Score
Percentile by Number Answered
Your Score History
You have not taken this quiz